Beginning perl / (Record no. 2815)

000 -LEADER
fixed length control field 01455cam a2200301 a 4500
001 - CONTROL NUMBER
control field 12659072
003 - CONTROL NUMBER IDENTIFIER
control field OSt
005 - DATE AND TIME OF LATEST TRANSACTION
control field 20160818125139.0
008 - FIXED-LENGTH DATA ELEMENTS--GENERAL INFORMATION
fixed length control field 000720s2000 enka 001 0 eng d
010 ## - LIBRARY OF CONGRESS CONTROL NUMBER
LC control number 2002327970
020 ## - INTERNATIONAL STANDARD BOOK NUMBER
International Standard Book Number 1861003145
035 ## - SYSTEM CONTROL NUMBER
System control number (OCoLC)ocm44622152
040 ## - CATALOGING SOURCE
Original cataloging agency LFY
Modifying agency LFY
-- VHB
-- IOJ
Transcribing agency DLC
050 00 - LIBRARY OF CONGRESS CALL NUMBER
Classification number QA76.73.C385 2000
082 00 - DEWEY DECIMAL CLASSIFICATION NUMBER
Classification number 005.13/3
Edition number 21
100 1# - MAIN ENTRY--PERSONAL NAME
Personal name Cozens, Simon.
245 10 - TITLE STATEMENT
Title Beginning perl /
Statement of responsibility, etc Simon Cozens with Peter Wainwright.
260 ## - PUBLICATION, DISTRIBUTION, ETC. (IMPRINT)
Place of publication, distribution, etc Birmingham, UK ;
-- Chicago, IL :
Name of publisher, distributor, etc Wrox Press,
Date of publication, distribution, etc 2000.
300 ## - PHYSICAL DESCRIPTION
Extent xv, 647 p. :
Other physical details ill. ;
Dimensions 24 cm.
440 #0 - SERIES STATEMENT/ADDED ENTRY--TITLE
Title Programmer to programmer
500 ## - GENERAL NOTE
General note Includes index.
505 0# - FORMATTED CONTENTS NOTE
Formatted contents note First steps in Perl -- Working with simple values -- Lists and hashes -- Loops and decisions -- Regular expressions -- Files and data -- References -- Subroutines -- Running and debuggung Perl -- Modules -- Object-oriented Perl -- Introduction to CGI -- Perl and databases -- World of Perl -- Regular expressions -- Special variables -- Function reference -- Perl standard modules -- Command line reference -- ASCII character set -- Licenses -- Solutions to exercises -- Support, errata and P2P.Wrox.Com.
650 #0 - SUBJECT ADDED ENTRY--TOPICAL TERM
Topical term or geographic name as entry element Perl (Computer program language)
700 1# - ADDED ENTRY--PERSONAL NAME
Personal name Wainwright, Peter.
906 ## - LOCAL DATA ELEMENT F, LDF (RLIN)
a 7
b cbc
c copycat
d 2
e ncip
f 20
g y-gencatlg
942 ## - ADDED ENTRY ELEMENTS (KOHA)
Source of classification or shelving scheme
Koha item type Book
Holdings
Withdrawn status Lost status Source of classification or shelving scheme Damaged status Not for loan Home library Current library Shelving location Date acquired Total Checkouts Full call number Barcode Date last seen Copy number Price effective from Koha item type
          Riara University Library Riara University Library General stack 18/08/2016   QA76.73.C385 2000 7477/16 18/08/2016 C.1 18/08/2016 Book

Riara University Library,
P.O. Box 49940-00100,
Nairobi, Kenya.